ბათუმის შოთა რუსთაველის სახელმწიფო უნივერსიტეტის ბიბლიოთეკა

მასობრივი კომუნიკაცია (ბიბ.ჩანაწერი № 51409)

000 -LEADER
fixed length control field 01083nam a2200277Ia 4500
001 - CONTROL NUMBER
control field 18394
003 - CONTROL NUMBER IDENTIFIER
control field GE_BSU
008 - FIXED-LENGTH DATA ELEMENTS--GENERAL INFORMATION
fixed length control field 181216s||||||||xx |||||||||||||| ||und||
020 ## - INTERNATIONAL STANDARD BOOK NUMBER
International Standard Book Number 978-99940-5039-6
040 ## - CATALOGING SOURCE
Transcribing agency GE_BSU
080 ## - UNIVERSAL DECIMAL CLASSIFICATION NUMBER
Universal Decimal Classification number 070 + 316.77
100 ## - MAIN ENTRY--PERSONAL NAME
Personal name ვივიანი, ჯ. (ჯონ)
245 ## - TITLE STATEMENT
Title მასობრივი კომუნიკაცია
245 ## - TITLE STATEMENT
Statement of responsibility, etc. რედ. კალაძე ნათია
250 ## - EDITION STATEMENT
Edition statement მე-11 გამოცემა
260 ## - PUBLICATION, DISTRIBUTION, ETC.
Place of publication, distribution, etc. თბილისი
260 ## - PUBLICATION, DISTRIBUTION, ETC.
Name of publisher, distributor, etc. საქ. უნ-ტის გამ-ბა
260 ## - PUBLICATION, DISTRIBUTION, ETC.
Date of publication, distribution, etc. 2013
300 ## - PHYSICAL DESCRIPTION
Extent 463 გვ. : ფოტ. ; 27 სმ..
520 ## - SUMMARY, ETC.
Summary, etc. თავფურცლის მე-3 გვ. ინგლ.(დაიბეჭდა აშშ-ის საელჩოს თანადაფინანსებით.)
653 ## - INDEX TERM--UNCONTROLLED
Uncontrolled term მასობრივი კომუნიკაცია
653 ## - INDEX TERM--UNCONTROLLED
Uncontrolled term მედია, ჟურნალისტიკა
653 ## - INDEX TERM--UNCONTROLLED
Uncontrolled term სოციოლოგია
942 ## - ADDED ENTRY ELEMENTS (KOHA)
Koha item type წიგნი
ეგზემპლარები
Withdrawn status Lost status Damaged status Not for loan Date acquired Barcode Date last seen Price effective from Koha item type
        2018-12-17 47128 2018-12-17 2018-12-17 წიგნი
        2018-12-17 47129 2018-12-17 2018-12-17 წიგნი
        2018-12-17 47130 2018-12-17 2018-12-17 წიგნი
        2018-12-17 47131 2018-12-17 2018-12-17 წიგნი
        2018-12-17 47137 2018-12-17 2018-12-17 წიგნი